NARUTO 暁メンバー - Statistics

General Stats
  • This quiz has been taken 46 times
  • The average score is 9 of 13
Answer Stats
Picture Answer % Correct
大蛇丸
97%
うちはイタチ
91%
干柿鬼鮫
83%
デイダラ
83%
トビ
83%
長門
77%
サソリ
69%
角都
63%
ゼツ
63%
小南
60%
飛段
60%
弥彦
60%
枇杷十蔵
20%
No matching quizzes found
Score Distribution
Percent of People with Each Score
Percentile by Number Answered
Your Score History
You have not taken this quiz